000 01157cam a2200325 i 4500
001 19071441
003 OSt
005 20230930152443.0
008 160429s2017 nyu 000 0 eng
010 _a 2016017149
020 _a9780415842365 (pbk. : alk. paper)
020 _a9780415842358 (hardback : alk. paper)
020 _z9781315816685 (ebook)
040 _aDLC
_beng
_cDLC
_erda
_dDLC
042 _apcc
050 0 0 _aQA278
_b.H336 2017
082 0 0 _a519.535
_bHAH/A
100 1 _aHahs-Vaughn, Debbie L.
_99650
245 1 0 _aApplied multivariate statistical concepts /
_cDebbie L. Hahs-Vaughn.
264 1 _aNew York :
_bRoutledge/Taylor & Francis Group,
_c2017.
300 _axii, 647 pages ;
_c26 cm
336 _atext
_2rdacontent
337 _aunmediated
_2rdamedia
338 _avolume
_2rdacarrier
650 0 _aMultivariate analysis
_vTextbooks.
650 0 _aMathematical statistics
_vTextbooks.
906 _a7
_bcbc
_corignew
_d1
_eecip
_f20
_gy-gencatlg
942 _2ddc
_cBK
_h519.535
_iHAH/A
_k519.535
_mHAH/A
999 _c42346
_d42346